Computer networks : a systems approach (Record no. 231527)

MARC details
000 -LEADER
fixed length control field 00486nam a2200181Ia 4500
008 - FIXED-LENGTH DATA ELEMENTS--GENERAL INFORMATION
fixed length control field 231221s9999 xx 000 0 und d
020 ## - INTERNATIONAL STANDARD BOOK NUMBER
International Standard Book Number 9790000000000
041 ## - LANGUAGE CODE
Language code of text/sound track or separate title English
082 ## - DEWEY DECIMAL CLASSIFICATION NUMBER
Classification number 001.64404 PET;1
100 ## - MAIN ENTRY--PERSONAL NAME
Personal name Peterson, Larry L. Davie, Bruce S.
245 #0 - TITLE STATEMENT
Title Computer networks : a systems approach
250 ## - EDITION STATEMENT
Edition statement 4th ed.
260 ## - PUBLICATION, DISTRIBUTION, ETC.
Date of publication, distribution, etc. 2007
Name of publisher, distributor, etc. Elsevier
Place of publication, distribution, etc. New Delhi
300 ## - PHYSICAL DESCRIPTION
Extent xxvii, 806
500 ## - GENERAL NOTE
General note Donated by MCA Dpet.
650 ## - SUBJECT ADDED ENTRY--TOPICAL TERM
Topical term or geographic name entry element Computer,networks
942 ## - ADDED ENTRY ELEMENTS (KOHA)
Koha item type Complimentary Copy
Holdings
Date last seen Total checkouts Full call number Accession number Price effective from Category Lost status Damaged status Department Withdrawn status Home library Current library Shelving location Entry date Grants Currency symbol Conversion rate Discount Old discount
26/01/2024   001.64404 PET;1 CC33 26/01/2024 Complimentary Copy     MCA   Central Library Central Library MCA   DONATED RS 1    

© For any Suggestions or Query, please contact the library staff @ librarian@pes.edu or Phone: +9180 2672 1983/ 2108.